[Event "95th Caplin Hastings Congress"]
[Site "Hastings"]
[Date "2020.01.01"]
[Round "5.10"]
[White "Gormally, Daniel W"]
[Black "Grieve, Harry"]
[Result "0-1"]
[WhiteElo "2497"]
[BlackElo "2299"]
[Annotator "TA"]
[PlyCount "86"]
[EventDate "2019.12.28"]
[EventType "swiss"]
[EventCountry "ENG"]
[SourceTitle "playchess.com"]
[Source "ChessBase"]
[SourceQuality "1"]

{[%evp 11,85,56,63,54,68,26,38,31,49,48,51,47,45,41,33,41,22,0,0,0,0,0,0,0,0,-10,-8,-8,-4,-15,0,0,0,-31,0,-16,0,0,0,-9,45,0,0,0,8,-6,-3,-5,-6,-77,-70,-329,-326,-314,-295,-836,-267,-811,-797,-872,-861,-29973,-29974,-29972,302,-29957,-6029,-29976,0,0,0,-29976,-29977,-29987,-29986,-29999]} 1. d4 f5 2. Bg5 h6 3. Bh4 g5 4. e3 Nf6 5. Bg3 d6 6. h4 Rg8 7. hxg5 {A80: Dutch Defence: Unusual White second moves} hxg5 8. Nc3 e6 9. Qd2 {White is slightly better.} Qe7 10. O-O-O Nc6 11. f3 Bd7 12. e4 fxe4 13. fxe4 O-O-O 14. d5 exd5 15. exd5 Ne5 $146 16. Nf3 Nxf3 17. gxf3 Kb8 18. Nb5 Bxb5 19. Bxb5 Nd7 20. Rhe1 Qf6 21. Re6 Qf7 22. Kb1 Bg7 23. Qe3 Be5 24. Bxd7 Bxg3 25. Re7 Bf2 ({Better is} 25... Qf6 $11) 26. Qe2 (26. Qxa7+ $5 Kxa7 27. Rxf7 $14) 26... Qf6 27. Bg4 {And now Re6 would win.} Bb6 28. Rd3 Rh8 29. a3 a6 30. Rb3 (30. Re6 $11 Qf4 31. Re4) 30... Qd4 31. Rd3 $2 {[%mdl 8192]} (31. Qe1 $15) 31... Rh1+ $19 32. Ka2 {[#]} Qg1 $1 {[%cal Rg1a1]} 33. Rd2 $2 (33. c3 Qa1+ 34. Kb3) 33... Qa1+ ({Weaker is} 33... Ba5 34. Qc4 $15) 34. Kb3 {[#]} Rb1 $1 {[%mdl 512]} 35. c3 Bc5 36. Kc4 Qa2+ 37. Kd3 Qxd5+ 38. Kc2 {[#]} Qa2 $1 {[%csl LRa3,LRb2]} 39. Kd3 Qd5+ 40. Kc2 {[#]} Qa2 $1 $40 {[%csl LRa3,LRb2][%mdl 128] Black mounts an attack.} 41. Kd3 Rc1 {[%cal Ra2d5] Black mates.} 42. Qe6 d5 {[%csl Gd5][%cal Ra2c4]} 43. Rd7 Qc4# {Accuracy: White = 43%, Black = 73%.} 0-1

[Event "95th Caplin Hastings Congress"]
[Site "Hastings"]
[Date "2020.01.01"]
[Round "5.11"]
[White "Arkell, Keith C"]
[Black "Yao, Lan"]
[Result "1/2-1/2"]
[WhiteElo "2453"]
[BlackElo "2281"]
[Annotator "TA"]
[PlyCount "154"]
[EventDate "2019.12.28"]
[EventType "swiss"]
[EventCountry "ENG"]
[SourceTitle "playchess.com"]
[Source "ChessBase"]
[SourceQuality "1"]

{[%evp 9,154,0,0,0,0,0,0,-3,2,7,5,4,6,4,10,10,15,-1,3,4,26,31,26,33,33,25,25,16,30,29,19,17,29,18,18,22,16,0,7,10,52,55,69,69,91,83,77,77,77,77,77,77,77,77,77,77,77,77,77,77,78,81,92,77,77,77,77,77,77,77,77,8,8,0,77,77,77,77,77,77,77,77,77,16,22,0,77,77,77,30,31,30,30,30,35,37,44,45,52,52,52,52,52,52,52,52,116,99,91,111,96,56,70,80,125,5,12,0,0,0,27,0,0,0,0,0,0,0,0,0,0,0,0,0,0,0,0,0,0,0,0,0,0,0,0,0,0]} 1. Nf3 Nf6 2. d4 e6 3. c3 b6 4. Bg5 Bb7 5. Nbd2 d5 (5... h6 6. Bxf6 Qxf6 7. e4 c5 8. Bd3 cxd4 9. cxd4 Nc6 10. e5 Qd8 11. O-O Nb4 12. Be4 Bxe4 13. Nxe4 Be7 14. Nc3 d5 15. exd6 Qxd6 16. Qa4+ Qc6 17. Qxc6+ Nxc6 18. d5 exd5 {½-½ (18) Horvath,C (2507)-Horvath,A (2493) Hungary 2019}) 6. e3 {A46: 1 d4 Nf6 2 Nf3 e6: Torre, London and Colle Systems} Be7 7. Ne5 O-O 8. Bd3 Ne4 9. Bxe7 Qxe7 10. Qc2 {[%cal Rd2e4]} f6 11. Nef3 {[%cal Rd2e4]} f5 12. Ne5 c5 13. O-O $146 ({Predecessor:} 13. g3 Nc6 14. Nxc6 Bxc6 {½-½ (43) Gonzalez Garcia,M (2237)-Oms Fuentes,L (2316) Barcelona 2012}) 13... Nxd2 14. Qxd2 Ba6 15. Bxa6 Nxa6 16. a4 Nb8 17. b4 {[%cal Bb2b4,Bb4b5,Bb5b6][%mdl 32]} Nd7 18. Nxd7 Qxd7 19. dxc5 bxc5 20. b5 Rfd8 21. c4 dxc4 22. Qc3 Qd3 23. Rfc1 Qxc3 24. Rxc3 $11 {[%mdl 4096] Endgame KRR-KRR} a6 25. b6 $1 a5 26. Rb1 Rab8 27. g3 Rd6 28. Rxc4 Rdxb6 29. Rxb6 Rxb6 30. Rxc5 $16 {KR-KR} Ra6 31. Kg2 Kf7 32. h3 Kf6 33. g4 g6 34. Kg3 h6 35. h4 Ra7 36. f4 fxg4 37. Kxg4 Ra6 38. h5 Ra8 39. hxg6 Kxg6 40. Rc6 ({White should play} 40. Kf3 $16) 40... Kf7 $11 41. Rc5 (41. f5 $11 Rg8+ 42. Kf4 exf5 43. Kxf5 (43. Rxh6 Rc8 $11)) 41... Kg6 $1 $16 42. Re5 Ra6 43. Kh4 Kf6 44. Kh5 Ra8 45. Rb5 Kg7 46. Rb6 ({Better is} 46. Kg4 $16) 46... Kf6 $11 47. Rb5 (47. e4 $11) 47... Kg7 $1 $16 48. Kg4 Kg6 49. e4 Ra6 50. Re5 Kf6 51. Kf3 Ra8 52. Ke2 Ra7 53. Rc5 Ra8 54. Ke3 Ra6 55. Kf3 Kf7 56. Ke2 Kf6 57. Kd3 Rd6+ {[#]} ({Black should try} 57... Ra8 $14) 58. Kc4 $1 {Threatening mate with e5+.} Ra6 {[#]} 59. Kb5 $1 Ra8 60. Kb6 Kg6 61. Re5 Kf6 62. Rh5 ({Reject} 62. Rxa5 $6 Rxa5 63. Kxa5 h5 $11) (62. Rb5 $16) 62... Kg6 $11 63. Rh2 h5 64. Rg2+ Kf6 65. Rg5 Rh8 {The position is equal.} 66. e5+ Kf7 67. Kc7 h4 {And now ...h3 would win.} 68. Kd7 h3 {Hoping for ...h2.} 69. f5 exf5 $1 70. Rxf5+ Kg6 71. Rf1 Rh4 (71... h2 $5 72. Rh1 $8 Rh7+ 73. Kd6 Rh4 $11) 72. e6 {Black must now prevent Re1.} Rxa4 73. Re1 {White wants to mate with e7.} Rd4+ 74. Kc6 {e7 would kill now.} Rc4+ 75. Kd5 Rc8 76. e7 Re8 77. Ke6 Kg5 {Accuracy: White = 76%, Black = 75%.} 1/2-1/2

[Event "95th Caplin Hastings Congress"]
[Site "Hastings"]
[Date "2020.01.01"]
[Round "5.12"]
[White "Fishbein, Alexander"]
[Black "Merriman, John"]
[Result "1/2-1/2"]
[WhiteElo "2435"]
[BlackElo "2219"]
[Annotator "TA"]
[PlyCount "86"]
[EventDate "2019.12.28"]
[EventType "swiss"]
[EventCountry "ENG"]
[SourceTitle "playchess.com"]
[Source "ChessBase"]
[SourceQuality "1"]

{[%evp 10,86,-17,-49,-17,-29,-12,-14,0,0,4,-1,0,-20,-32,-100,-96,-102,-100,-143,-156,-143,-69,-109,-112,-126,-121,-123,-116,-130,-132,-134,-141,-181,0,-407,-403,-399,-381,-435,-346,-400,-359,-320,-346,-320,-327,-578,-432,-537,-513,-1068,-1071,-1185,-1185,-1160,-1183,-1033,-464,-755,-418,-412,-429,-538,-212,-475,-473,-670,-526,-857,-578,-633,0,-354,0,-441,0,-329,0]} 1. Nf3 d5 2. c4 d4 3. g3 c5 4. Bg2 Nc6 5. O-O e5 6. d3 Nge7 {A09: Réti Opening: 1 Nf3 d5 2 c4} (6... Nf6 7. e3 Be7 8. exd4 cxd4 9. Re1 Nd7 10. Na3 O-O 11. Nc2 a5 12. b3 f6 13. Nd2 Nc5 14. Ne4 Bf5 15. Nxc5 Bxc5 {½-½ (31) Radjabov,T (2741)-Harikrishna,P (2738) Palma de Mallorca 2017}) 7. e3 Ng6 8. exd4 cxd4 {The position is equal.} 9. Re1 f6 10. h4 $146 ({Predecessor:} 10. a3 a5 11. h4 Be7 12. h5 Nf8 13. Nh4 g5 14. Nf3 {0-1 (63) Gomes,M (2355)-Ivana Maria,F (2165) Sangli 2014}) 10... Be7 11. h5 Nf8 $36 {[%mdl 2048] Black fights for an advantage.} 12. Nh4 (12. Nbd2 $15) 12... g5 $1 $17 {[%cal Rg5h4]} 13. hxg6 hxg6 14. a3 g5 15. Nf3 a5 (15... Bh3 $1 $17 16. Bxh3 Rxh3) 16. Nbd2 Ng6 17. Rb1 Bh3 18. Bxh3 Rxh3 19. Nh2 Kf7 20. Qg4 Qh8 21. Ndf3 Qh7 $2 {[#]} (21... Rh5 $19 22. Kg2 Nf8) 22. Kg2 $2 {[%mdl 8192]} (22. Bxg5 $1 $11 {[%mdl 512]} fxg5 23. Qd7) 22... Rh8 $19 {White must now prevent ...Nf4+!} 23. Rh1 Rh5 24. Bd2 Kg7 25. Kf1 Nf8 26. Qe4 f5 27. Qd5 Ng6 28. Qd7 $2 (28. Bxa5 {is a better defense.} g4 29. Rg1) 28... g4 29. Ng5 Rxh2 30. Nxh7 (30. Ne6+ $142 Kf6 31. Bg5+ Kf7 32. Rg1) 30... Rxh1+ 31. Ke2 Rxb1 32. Ng5 Rxb2 33. Ne6+ Kf7 (33... Kf6 $142 {...f4 is the strong threat.} 34. Nc7 e4 35. dxe4 Nge5 {[%mdl 64] Double Attack} 36. Qxf5+ Kg7 37. Ne6+ Kg8) 34. Nc7 (34. Ng5+ $142 Kg7 35. Ne6+ Kf6 36. Nc7) 34... Nd8 35. Qxf5+ Kg7 36. Nd5 Rf8 $2 (36... Nf7 37. Nxe7 Nxe7 38. Qxg4+ Kf8) 37. Qh5 $2 (37. Qxg4 Nc6 38. Nc7) 37... Nf7 38. Qxg4 (38. Nxe7 $142 Nxe7 39. Qxg4+ Ng6 40. Qd7) 38... Bxa3 {Strongly threatening ...Bb4.} 39. Nc7 Nd8 40. Qd7+ Kg8 $2 ({Black should try} 40... Be7 $19 41. Ne8+ Kh7) 41. Qg4 $2 {[%mdl 8192]} (41. Qd5+ $1 $11 {and White stays safe.} Kg7 42. Qh1) 41... Kg7 {aiming for ...Bb4.} 42. Qd7+ $1 Kg8 {Threatens to win with ...Bb4.} 43. Qg4 {[#]} Kg7 $2 {Accuracy: White = 40%, Black = 72%.} (43... Rf6 $1 $19 44. Nd5 Rc6) 1/2-1/2

[Event "95th Caplin Hastings Congress"]
[Site "Hastings"]
[Date "2020.01.01"]
[Round "5.13"]
[White "Lehaci, Miruna-Daria"]
[Black "Hebden, Mark L"]
[Result "0-1"]
[WhiteElo "2214"]
[BlackElo "2433"]
[Annotator "TA"]
[PlyCount "74"]
[EventDate "2019.12.28"]
[EventType "swiss"]
[EventCountry "ENG"]
[SourceTitle "playchess.com"]
[Source "ChessBase"]
[SourceQuality "1"]

{[%evp 17,74,35,31,26,28,12,31,0,0,-53,25,32,51,42,51,47,45,64,82,-24,-24,-11,-5,-71,-24,-54,-70,-93,-67,-151,-90,-291,-290,-336,-321,-335,-329,-320,-302,-378,-254,-370,-368,-376,-350,-366,-349,-352,-334,-482,-482,-476,-470,-474,-471,-467,-463,-438,-387]} 1. d4 Nf6 2. Nf3 g6 3. c4 Bg7 4. g3 c5 5. Bg2 cxd4 6. Nxd4 O-O 7. O-O Nc6 8. Nc2 d6 9. Nc3 Be6 10. Nd5 {A38: Symmetrical English vs ...g6: 4 Bg2 Bg7 5 Nf3 Nf6} (10. b3 Qd7 11. Bb2 Bh3 12. Ne3 Rfd8 13. Qb1 Bxg2 14. Kxg2 e6 15. Rd1 a6 16. Rd2 Ne5 17. f3 b5 18. Ne4 Nxe4 19. Qxe4 bxc4 20. bxc4 {½-½ (67) Grischuk,A (2783)-Navara,D (2737) Tbilisi 2017}) 10... Rc8 11. Rb1 Ne5 12. b3 {White is slightly better.} Nxd5 $146 ({Predecessor:} 12... Bxd5 13. Bxd5 b5 14. Ne3 bxc4 15. bxc4 Nxd5 16. Qxd5 Rc5 17. Qb7 Rc7 {1-0 (43) Ten Hagen,Y (2039)-Ter Schegget,B (2094) Venlo 2007}) 13. cxd5 ({White should try} 13. Bxd5 $11 Bf5 14. Bxb7) 13... Bd7 ({Better is} 13... Bf5 $15 14. e4 Bg4) 14. h3 Bb5 15. Nd4 Ba6 16. Bb2 Qb6 17. Qd2 Rfe8 18. Rfc1 (18. a4 $16) 18... Nd3 $11 19. exd3 Bxd4 20. Rd1 (20. Be4 $11) 20... Rc7 21. a4 {[#] Strongly threatening b4.} Bxb2 $1 22. Qxb2 {aiming for b4.} Qb4 $36 {[%mdl 2048] Black has good play.} (22... Rec8 {is more complex.} 23. Qd2 Rc2 24. Qf4 Ra2 25. Rd2 Rxd2 26. Qxd2 Qd4) 23. Rd2 (23. Bf1 $15) 23... Rc3 (23... Rec8 $142 24. Bf1 Rc3) 24. d4 $2 (24. Rc2 $17 Rxd3 25. Rcc1) 24... Rec8 $19 25. Bf1 Bxf1 26. Kxf1 Qa5 27. Kg1 Qxd5 28. b4 Qe6 29. Rbd1 (29. h4 $142) 29... Qxh3 30. b5 Qf5 31. Qb1 Qxb1 32. Rxb1 {[%mdl 4096] Endgame KRR-KRR} d5 33. Rb4 (33. Rbb2 $142) 33... R8c4 {Black is clearly winning.} 34. Rxc4 Rxc4 ({Not} 34... dxc4 35. d5 $19) 35. a5 e6 36. Kg2 Rb4 37. a6 Rxb5 {Accuracy: White = 35%, Black = 56%.} 0-1

[Event "95th Caplin Hastings Congress"]
[Site "Hastings"]
[Date "2020.01.01"]
[Round "5.14"]
[White "Keetman, Maaike"]
[Black "Cherniaev, Alexander"]
[Result "0-1"]
[WhiteElo "2203"]
[BlackElo "2419"]
[Annotator "TA"]
[PlyCount "70"]
[EventDate "2019.12.28"]
[EventType "swiss"]
[EventCountry "ENG"]
[SourceTitle "playchess.com"]
[Source "ChessBase"]
[SourceQuality "1"]

{[%evp 9,70,15,7,-7,9,-57,-51,-58,-43,-50,-56,-49,34,21,25,0,25,0,0,0,0,0,36,-73,-75,-77,9,-43,-28,-89,-89,-150,-99,-106,-53,-55,-61,-51,-40,-57,-29,-31,-30,-35,-32,-64,-58,-74,-66,-511,-508,-502,-495,-476,-283,-270,-256,-346,-323,-640,-640,-621,-617]} 1. e4 c5 2. Nf3 Nc6 3. Bb5 e6 4. Bxc6 bxc6 5. Qe2 (5. d3 Ne7 6. b3 Ng6 7. h4 h5 8. e5 f6 9. Nbd2 d6 10. exd6 e5 11. Bb2 Bg4 12. Qe2 Qxd6 13. g3 Be7 {1-0 (39) Caruana,F (2818)-Carlsen,M (2882) Saint Louis 2019}) 5... Ne7 6. e5 {B30: Sicilian: 2...Nc6 3 Bb5, lines without ...g6} Nf5 7. Qe4 $146 (7. d3 $11) ({Predecessor:} 7. d3 f6 8. Nc3 Nd4 9. Nxd4 cxd4 10. Ne4 Qa5+ 11. Bd2 Qxe5 12. O-O Be7 {0-1 (77) Petrov,D (2204)-Jankovic,A (2591) Tallinn 2016}) 7... f6 $15 8. b3 {Black is slightly better.} Be7 9. Bb2 O-O 10. O-O d6 (10... Qc7 $15) 11. exd6 $14 Qxd6 12. Na3 e5 13. Nc4 Qd5 14. Rfe1 Be6 15. d3 Rfd8 16. Ne3 (16. Nfd2 $14 {stays ahead.}) 16... Qxe4 $17 17. dxe4 Nd4 (17... Nxe3 $17 18. Rxe3 a5) 18. Nh4 (18. Bc3 $11) 18... g6 19. c3 (19. Nf3 $11 {keeps the balance.}) 19... Nb5 20. Rad1 ({White should play} 20. Nf3) 20... Rxd1 (20... Nd6 $142 21. Nf3 Nxe4) 21. Rxd1 a5 (21... Nd6 $17 22. f3 a5) 22. Nf3 $15 a4 23. Nd2 Nd6 24. f3 axb3 25. axb3 Ra2 26. Rb1 $1 Bf8 $36 {[%mdl 2048] Black has the initiative.} 27. Kf2 {[#]} c4 $1 {[%mdl 512]} 28. bxc4 f5 29. Nc2 $2 {[%mdl 8192]} (29. c5 $15 Nb7 30. exf5 gxf5 31. Nec4) 29... Nxc4 $19 30. Nxc4 Bxc4 31. Ke1 Bd3 (31... fxe4 $142 32. fxe4 Bd3 {[%mdl 64] Double Attack}) 32. Kd2 fxe4 {[#] Threatens to win with ...Bh6+.} 33. fxe4 Bxe4 {aiming for ...Bh6+.} 34. g3 $2 (34. c4) 34... Bh6+ 35. Kd1 Kf7 {Accuracy: White = 38%, Black = 60%.} 0-1

[Event "95th Caplin Hastings Congress"]
[Site "Hastings"]
[Date "2020.01.01"]
[Round "5.15"]
[White "Lalic, Bogdan"]
[Black "Willson, Ollie"]
[Result "1-0"]
[WhiteElo "2414"]
[BlackElo "2082"]
[Annotator "TA"]
[PlyCount "63"]
[EventDate "2019.12.28"]
[EventType "swiss"]
[EventCountry "ENG"]
[SourceTitle "playchess.com"]
[Source "ChessBase"]
[SourceQuality "1"]

{[%evp 20,63,1,1,36,30,24,26,73,83,71,69,138,106,200,218,354,334,405,405,391,397,356,225,505,517,530,440,697,635,624,617,687,630,1062,1066,1558,1533,1489,1448,29983,29984,29984,29985,29983,29984]} 1. d4 Nf6 2. c4 e6 3. Nc3 Bb4 4. f3 d5 5. a3 Bxc3+ 6. bxc3 c5 7. cxd5 exd5 8. e3 O-O 9. Bd3 Nc6 10. Ne2 Re8 11. O-O Be6 {E49: Nimzo-Indian: Rubinstein: 5 Bd3 d5 6 a3 Bxc3+ 7 bxc3} 12. Rb1 (12. Bd2 Rc8 13. Be1 cxd4 14. cxd4 Bd7 15. Qd2 b6 16. Bh4 Qe7 17. Bf2 Na5 18. Qb4 Nc4 19. Qxe7 Rxe7 20. Bxc4 Rxc4 {½-½ (64) Aleksandrov,A (2574)-Zhang,Z (2645) Doha 2016}) 12... b6 13. Nf4 Bd7 $146 {[#]White has an edge.} ({Predecessor:} 13... Qd6 14. Qe1 Rad8 15. Qg3 Ne7 16. Nxe6 Qxg3 17. hxg3 fxe6 18. g4 Nc8 19. g5 {1-0 (54) Innocenti,K (1915)-Tavani,A (1521) IECG email 2003}) 14. g4 $1 {[%cal Rg4g5] Black must now prevent g5.} h6 15. Rb2 c4 ({Better is} 15... cxd4 $14 16. exd4 (16. cxd4 g5 $11) 16... g5) 16. Bb1 $16 g5 {[#]} (16... Na5 $16) 17. Ng2 $1 $18 Ne7 (17... Qe7 $142) 18. h4 Ng6 19. hxg5 hxg5 20. e4 Nh7 21. exd5 Qe7 $2 (21... Bc8 22. Ne3 Bb7) 22. f4 Qxa3 23. Qf3 Qe7 (23... gxf4 $142 24. Ra2 Qe7) 24. f5 Ngf8 25. f6 Qd6 26. Ne3 {And now Qh3 would win.} Qf4 27. Qg2 Rxe3 28. Rxf4 gxf4 29. Bxe3 fxe3 30. Qh3 {White mates.} Nxf6 31. Rh2 {[%csl Gh2][%cal Rh3h8]} Ng6 32. Bxg6 {Accuracy: White = 96%, Black = 23%.} 1-0

[Event "95th Caplin Hastings Congress"]
[Site "Hastings"]
[Date "2020.01.01"]
[Round "5.16"]
[White "Akeya-Price, Robert"]
[Black "Murphy, Conor E"]
[Result "1/2-1/2"]
[WhiteElo "1880"]
[BlackElo "2407"]
[Annotator "TA"]
[PlyCount "73"]
[EventDate "2019.12.28"]
[EventType "swiss"]
[EventCountry "ENG"]
[SourceTitle "playchess.com"]
[Source "ChessBase"]
[SourceQuality "1"]

{[%evp 9,73,10,17,2,46,41,37,38,38,47,38,28,90,50,55,46,46,12,35,22,47,47,38,36,54,37,66,0,65,21,49,48,69,60,61,72,54,54,54,0,297,273,212,48,53,0,0,0,0,0,0,0,0,0,0,-6,0,0,0,0,0,0,0,0,332,325]} 1. d4 d5 2. Nf3 Nf6 3. c4 e6 4. g3 Bb4+ 5. Bd2 Bd6 (5... Be7 6. Bg2 O-O 7. O-O Nbd7 8. a4 a5 9. Qc2 c6 10. Na3 Ne4 11. Bf4 g5 12. Be3 f5 13. Rad1 Qe8 14. Qc1 h6 15. Ne5 Kh7 {½-½ (104) Nakamura,H (2743)-Karjakin,S (2750) Saint Louis 2019}) 6. Nc3 {E01: Catalan: Early deviations} c6 7. Qc2 O-O 8. e4 {White is slightly better.} Nxe4 9. Nxe4 dxe4 10. Qxe4 f5 (10... c5 $11) 11. Qc2 c5 12. dxc5 $146 ({Predecessor:} 12. O-O-O Nc6 {1-0 (29) Hnydiuk,A (2390)-Tate,A (2320) Zalakaros 2017}) 12... Bxc5 13. b4 Be7 $1 14. Rd1 Nc6 15. b5 Nd4 16. Nxd4 Qxd4 17. Bc3 Qc5 18. Bd4 ({White should play} 18. Be2 $14) 18... Qa3 (18... Qb4+ $11 19. Bc3 Qc5) 19. Qb3 Bb4+ 20. Ke2 Qa5 21. Bg2 a6 22. Rb1 Be7 23. a4 f4 24. Be5 ({White should try} 24. Rhd1 $14) 24... Bc5 $2 {[%mdl 8192]} (24... axb5 $11 {and Black stays safe.} 25. axb5 fxg3 26. hxg3 Qb6) 25. gxf4 $18 axb5 {[#]} 26. Qxb5 $2 (26. Be4 $1 $18 Qxa4 27. Qh3) 26... Qxa4 $14 {...Qc2+ is the strong threat.} 27. Qxa4 (27. Rhc1 $14 Ra5 28. Qxa4 Rxa4 29. Ra1) 27... Rxa4 $11 28. Bxb7 Ra2+ 29. Kf3 Rxf2+ 30. Kg3 Re2 31. Bxc8 Rxc8 32. Rb7 Bf8 33. Rc1 {Black should prevent c5!} Rd8 {[#] ( -> ...Rd3+)} 34. Rc3 Rdd2 35. c5 {Black must now prevent c6.} Rg2+ 36. Kf3 Rxh2 $2 {[%mdl 8192]} (36... Rgf2+ $11 37. Kg4 Rg2+ 38. Rg3 Bxc5) 37. c6 {[%mdl 32768] Accuracy: White = 44%, Black = 65%. . An unexpected result.} 1/2-1/2

[Event "95th Caplin Hastings Congress"]
[Site "Hastings"]
[Date "2020.01.01"]
[Round "5.17"]
[White "Shivika Rohilla"]
[Black "Vaishali R"]
[Result "0-1"]
[WhiteElo "1744"]
[BlackElo "2376"]
[Annotator "TA"]
[PlyCount "74"]
[EventDate "2019.12.28"]
[EventType "swiss"]
[EventCountry "ENG"]
[SourceTitle "playchess.com"]
[Source "ChessBase"]
[SourceQuality "1"]

{[%evp 15,104,4,14,0,10,8,0,3,19,0,0,-27,-27,-21,50,-32,-30,-33,7,2,7,-14,-18,-12,-12,-16,-25,-22,-11,-15,20,-20,-22,-20,-22,-17,8,-74,-65,-55,-58,-84,-97,-83,-84,-83,-85,-88,-29,-109,-112,-192,-155,-153,-138,-131,-93,-176,-174,-241,-210,-207,-208,-205,-178,-256,-254,-241,-245,-251,-243,-233,-259,-262,-255,-333,-350,-394,-395,-377,-372,-361,-349,-247,-233,-2081,-1996,-29983,-29984,-29984,-29985]} 1. e4 e5 2. Nf3 Nc6 3. Bb5 a6 4. Ba4 Nf6 5. d3 b5 6. Bb3 Bc5 7. O-O d6 8. c3 h6 9. Nbd2 {[%cal Bb1d2,Bd2f1,Bf1g3,Bg3h5][%mdl 32] C78: Ruy Lopez: Archangelsk and Möller Defences} (9. h3 O-O 10. Nbd2 a5 11. a4 b4 12. Bc4 Ne7 13. d4 exd4 14. cxd4 Bb6 15. Bd3 Bb7 16. d5 c6 17. dxc6 Bxc6 {0-1 (48) Martinez Alcantara,J (2583)-Firouzja,A (2682) chess.com INT 2019}) 9... Ba7 10. Re1 O-O 11. Nf1 {The position is equal.} Be6 12. Bc2 d5 13. Qe2 dxe4 14. dxe4 Nh5 (14... Bc4 $11 15. Qd1 Qe7) 15. b3 (15. Ng5 $14) 15... Qf6 $15 16. Ng3 Nf4 17. Bxf4 $1 exf4 18. e5 $146 Nxe5 $1 19. Nh5 Nxf3+ 20. Qxf3 Qg5 {[#] ...Bg4 is the strong threat.} 21. Nxf4 Rae8 22. g3 Bf5 23. h4 Qg4 24. Qxg4 Bxg4 25. Nd5 Bf3 26. Nxc7 (26. Ne7+ $11 Kh8 27. Be4) 26... Rc8 $36 {[%mdl 2048] Black has some pressure.} 27. Nxa6 Rxc3 28. Be4 Bxe4 29. Rxe4 Rxg3+ 30. Kf1 Rf3 31. Re2 Rc8 (31... Rh3 $17 {Strongly threatening ...Rh1+.} 32. Kg2 Rxh4) 32. Kg2 (32. Rd1 $1 $11 {keeps the balance.}) 32... Rf4 $17 33. Kg3 (33. Rd1 $17 {is a better defense.}) 33... Rf6 34. Nb4 Rg6+ 35. Kh2 Rd8 {And now ...Rd4! would win.} 36. Rg1 {[#]} (36. Nc2 $17) 36... Rf6 $1 $19 37. Rg2 (37. Rg4 {was called for.}) 37... Bb8+ {Played: Rd8-d4} 0-1

[Event "95th Caplin Hastings Congress"]
[Site "Hastings"]
[Date "2020.01.01"]
[Round "5.18"]
[White "Petrov, Vladimir Sergeev"]
[Black "Pavlov, Mikhail"]
[Result "1-0"]
[WhiteElo "2355"]
[BlackElo "1955"]
[Annotator "TA"]
[PlyCount "67"]
[EventDate "2019.12.28"]
[EventType "swiss"]
[EventCountry "ENG"]
[SourceTitle "playchess.com"]
[Source "ChessBase"]
[SourceQuality "1"]

{[%evp 28,67,57,25,86,95,103,97,97,95,104,97,102,99,103,96,113,72,78,90,239,245,215,127,123,123,211,205,197,211,293,256,295,285,366,360,357,330,389,381,472,483]} 1. e4 e6 2. d4 d5 3. Nd2 c5 4. exd5 Qxd5 5. Ngf3 cxd4 6. Bc4 Qd6 7. O-O Nf6 8. Nb3 Nc6 9. Nfxd4 ({Predecessor:} 9. Nbxd4 Nxd4 {0-1 (37) Prieur,E (2152)-Jarvinen,R (2121) Finland 2011}) 9... Nxd4 10. Nxd4 a6 11. Re1 Qc7 12. Bb3 Bd6 13. Nf5 Bxh2+ 14. Kh1 O-O {[#]} 15. Nxg7 $1 {[%mdl 512] Threatens to win with Qd4.} Kxg7 $146 {C07: French Tarrasch: 3...c5, 4 Ngf3 and 4 exd5 Qxd5} (15... Rd8 $11 {keeps the balance.} 16. Qf3 Kxg7 17. Bh6+ Kg6) (15... Rd8 16. Qf3 Kxg7 17. Bh6+ Kg6 18. c3 Nh5 19. Be3 f5 20. Rad1 Rxd1 21. Bxd1 Nf6 22. g3 Bxg3 23. Rg1 h5 24. Rxg3+ Ng4 25. Qg2 Bd7 26. Bxg4 hxg4 27. Rxg4+ fxg4 28. Qxg4+ Kf7 29. Qh5+ Kg8 30. Qg6+ Kh8 31. Qh6+ Kg8 32. Qg6+ Kh8 {½-½ (32) Kadric,D (2558)-Predojevic,B (2618) Subotica 2019}) 16. Qd4 $1 $16 {aiming for Bh6+!} e5 17. Qh4 Ng4 {Hoping for ...Qd8.White is better.} 18. f3 $1 {[%cal Rf3g4]} Bf4 19. Bxf4 exf4 20. fxg4 {Black must now prevent Qg5+.} Qd6 21. g5 Bf5 22. Rad1 Qg6 23. Qxf4 {Strongly threatening g4.} Rad8 {[#]} (23... Bxc2 $16 {might work better.} 24. Rd6 (24. Bxc2 Qxc2 25. Rd2 Qc6 $14) 24... Qf5 25. Qd4+ (25. Qd2 Bxb3 26. axb3 Rfe8 $15) 25... Kg8) 24. Rxd8 $1 $18 Rxd8 25. Qe5+ (25. Re7 $18 Rf8 26. Rxb7) 25... Kg8 $16 26. Qf6 $36 {[%mdl 2048] White is really pushing.} Rc8 (26... Qxf6 $16 27. gxf6 Kf8) 27. c3 Bc2 {[#]} 28. Bd5 $1 Rf8 29. Qxg6+ Bxg6 30. Bxb7 Rb8 31. Re7 ({Not} 31. Bxa6 Rxb2 32. a4 Kg7 $18) 31... Kf8 32. Rc7 Bf5 33. b4 Ke8 34. Bxa6 {Accuracy: White = 92%, Black = 42%.} 1-0